[Event "VIE-ch U11"]
[Site "Hanoi"]
[Date "2020.??.??"]
[Round "3"]
[White "Pham, Dang Minh"]
[Black "Bui, Tran Minh Khang"]
[Result "1-0"]
[WhiteElo "1409"]
[BlackElo "1331"]
[PlyCount "149"]
[EventDate "2020.10.22"]
[EventType "swiss"]
[EventRounds "7"]
[EventCountry "VIE"]
[SourceTitle "EXT 2022"]
[Source "ChessBase"]
[SourceDate "2021.10.06"]
[SourceVersion "1"]
[SourceVersionDate "2021.10.06"]
[SourceQuality "1"]

1. Nf3 Nf6 2. g3 g6 3. Bg2 Bg7 4. 0-0 0-0 5. d4 d6 6. c3 c5 7. Bf4 Qb6 8. Qb3 Qxb3 9. axb3 cxd4 10. Nxd4 Nbd7 11. Nb5 Nc5 12. b4 Ne6 13. Rxa7 Rxa7 14. Nxa7 Nxf4 15. gxf4 Bg4 16. Bxb7 Bxe2 17. Re1 Bd3 18. Na3 e6 19. b5 Nh5 20. Bc8 Bh6 21. b6 Bxf4 22. c4 d5 23. c5 Ng7 24. b7 Nf5 25. f3 Ne7 26. Bd7 Rb8 27. c6 Ba6 28. Bc8 Bc7 29. Kg2 Bb6 30. b4 Bxa7 31. b5 Bxb5 32. c7 Bc6 33. cxb8Q Bxb8 34. Nc2 Be8 35. Ra1 Nc6 36. Ra8 Kg7 37. Nb4 Nxb4 38. Rxb8 d4 39. Bxe6 Bc6 40. Bxf7 Na6 41. Rg8+ Kxf7 42. b8Q Nxb8 43. Rxb8 Ke6 44. Kf2 Kf5 45. Rf8+ Ke5 46. Ke2 Bb5+ 47. Kd2 d3 48. Rb8 Bc4 49. Ke3 h5 50. Re8+ Kf5 51. Rc8 Bd5 52. Rf8+ Kg5 53. Kxd3 Kh4 54. Kd4 Bb7 55. f4 Kg4 56. Ke5 Ba6 57. Rd8 Bb5 58. Rd6 Be8 59. Re6 Bf7 60. Rf6 Be8 61. Kd6 Ba4 62. Ke5 Bc2 63. Rc6 Bf5 64. Rc3 h4 65. Ra3 Bb1 66. h3+ Kh5 67. Kf6 Kh6 68. Ra8 Kh7 69. Kg5 Bc2 70. Ra7+ Kg8 71. Kxh4 Bb1 72. Kg5 Bc2 73. Kh6 Be4 74. Rg7+ Kh8 75. Rxg6 1-0

[Event "Hanoi op"]
[Site "Hanoi"]
[Date "2019.02.23"]
[Round "2"]
[White "Hoang, Van Ngoc"]
[Black "Pham, Dang Minh"]
[Result "1-0"]
[WhiteElo "2221"]
[BlackElo "1300"]
[PlyCount "113"]
[EventDate "2019.02.22"]
[EventType "swiss"]
[EventRounds "9"]
[EventCountry "VIE"]
[SourceTitle "EXT 2021"]
[Source "ChessBase"]
[SourceDate "2020.10.23"]
[SourceVersion "1"]
[SourceVersionDate "2020.10.23"]
[SourceQuality "1"]

1. d4 Nf6 2. Bg5 Ne4 3. Bf4 d5 4. e3 g6 5. Bd3 Bg7 6. c4 c5 7. cxd5 Qxd5 8. Qc2 Nf6 9. Nf3 Bf5 10. Nc3 Bxd3 11. Qxd3 Qc6 12. 0-0 0-0 13. d5 Qa6 14. Qxa6 Nxa6 15. Rfd1 Rfd8 16. Rac1 b6 17. e4 Rac8 18. e5 Ne8 19. Nb5 Ra8 20. Rd2 Nec7 21. Nc3 Nb4 22. Rcd1 e6 23. Bg5 Rxd5 24. Nxd5 Nbxd5 25. h4 h6 26. Be3 Kh7 27. a3 a5 28. Re2 c4 29. Rc1 b5 30. a4 Rc8 31. Bd2 Nb4 32. Bxb4 axb4 33. Nd4 Nd5 34. Nxb5 c3 35. bxc3 bxc3 36. g3 Rc4 37. Ra1 c2 38. Rc1 Rxa4 39. Rcxc2 g5 40. h5 Ra5 41. Nd6 Ra7 42. Kg2 Rd7 43. Rc8 Bxe5 44. Nxf7 Bg7 45. Nd8 Nf6 46. Nxe6 Nxh5 47. Rc7 Rxc7 48. Nxc7 Kg6 49. Ne8 g4 50. Re6+ Kg5 51. f4+ gxf3+ 52. Kxf3 Bd4 53. Ra6 Nf6 54. Nxf6 Bxf6 55. Ra5+ Kg6 56. Kg4 h5+ 57. Rxh5 1-0

[Event "VIE-ch U09"]
[Site "Hai Phong"]
[Date "2018.07.09"]
[Round "5"]
[White "Nguyen, The Nang"]
[Black "Pham, Dang Minh"]
[Result "1-0"]
[WhiteElo "1957"]
[BlackElo "1941"]
[PlyCount "33"]
[EventDate "2018.07.07"]
[EventType "swiss"]
[EventRounds "9"]
[EventCountry "VIE"]
[SourceTitle "EXT 2019"]
[Source "ChessBase"]
[SourceDate "2018.10.10"]
[SourceVersion "1"]
[SourceVersionDate "2018.10.10"]
[SourceQuality "1"]

1. e4 c5 2. Nf3 e6 3. Nc3 d5 4. exd5 exd5 5. d4 Nf6 6. Bb5+ Bd7 7. Bf4 Be7 8. dxc5 Bxc5 9. Qe2+ Be7 10. 0-0-0 Bc6 11. Rhe1 a6 12. Nxd5 Kf8 13. Nxf6 Qxd1+ 14. Kxd1 Bxf3 15. gxf3 gxf6 16. Bh6+ Kg8 17. Rg1# 1-0

[Event "Hanoi HD Bank op-B 8th"]
[Site "Hanoi"]
[Date "2018.03.11"]
[Round "3"]
[White "Pham, Dang Minh"]
[Black "Nguyen, Thi Hong"]
[Result "1-0"]
[WhiteElo "1355"]
[BlackElo "1116"]
[PlyCount "60"]
[EventDate "2018.03.10"]
[EventType "swiss"]
[EventRounds "9"]
[EventCountry "VIE"]
[SourceTitle "CBM 183 Extra"]
[Source "ChessBase"]
[SourceDate "2018.04.19"]
[SourceVersion "1"]
[SourceVersionDate "2018.04.19"]
[SourceQuality "1"]

1. Nf3 Nf6 2. g3 g6 3. Bg2 Bg7 4. 0-0 0-0 5. d4 e6 6. c4 d5 7. b3 c6 8. Bb2 Nbd7 9. Nbd2 b6 10. Ne5 Qc7 11. Rc1 c5 12. f4 Bb7 13. Ndf3 Rac8 14. e3 Nxe5 15. Nxe5 Nd7 16. Qe2 f6 17. Nxd7 Qxd7 18. dxc5 Rxc5 19. Ba3 Rfc8 20. Bxc5 Rxc5 21. Rcd1 Qc7 22. e4 dxc4 23. bxc4 Rxc4 24. Rd8+ Bf8 25. Rfd1 Qc5+ 26. Kh1 Rc2 27. Qg4 f5 28. Qg5 Qf2 29. Rxf8+ Kxf8 30. Qd8+ Kg7 1-0